Pataología y terapéutica especiales de los animales domésticos : tomo i /
Guardado en:
| Autor Principal: | |
|---|---|
| Otros Autores: | , |
| Formato: | Libro |
| Publicado: |
Barcelona :
Labor,
1968
|
| Edición: | 2a. ed. |
| Materias: | |
| Etiquetas: |
Agregar Etiqueta
Sin Etiquetas, Sea el primero en etiquetar este registro!
|
| LEADER | 00822nam a22002175a 4500 | ||
|---|---|---|---|
| 001 | CEM.cems017907 | ||
| 005 | 20121114104922.0 | ||
| 008 | 130507s1968##################000#0#####d | ||
| 003 | CEMS | ||
| 082 | 0 | 4 | |a 636.089 |
| 100 | 1 | |a Hutyra, F. | |
| 245 | 1 | 0 | |a Pataología y terapéutica especiales de los animales domésticos : |b tomo i / |c F. Hutyra, J. Marek y R. Menninger |
| 250 | |a 2a. ed. | ||
| 260 | |a Barcelona : |b Labor, |c 1968 | ||
| 300 | |a 871 p. | ||
| 500 | |a Enfermedades infecciosas | ||
| 505 | 0 | |a Enfermedades infecciosas generales agudas -- Enfermedades infecciosas agudas con localización en ciertos órganos -- Enfermedades infecciosas crónicas | |
| 653 | |a Animales domésticos-enfermedades | ||
| 700 | 1 | |a Marek, J. | |
| 700 | 1 | |a Manniger, R. | |
| 859 | |a CEMS |b BIB. CEMS - Agricultura |h 636.089 |i H979a2 |p A1684.12 |t Ej.1 |v I |3 I | ||
